Australian Islands - Sudden Death - Statistics

General Stats
  • This quiz has been taken 34 times
  • The average score is 8 of 15
Answers on the Grid
Answers color-coded by a green-red scale on the quiz's grid according to % correct below.
Tasmania
Fraser Island
Lord Howe Island
Christmas Island
Norfolk Island
Macquarie Island
Whitsunday Islands
Cocos (Keeling) Islands
Kangaroo Island
Magnetic Island
Tiwi Islands
Rottnest Island
Bruny Island
Moreton Island
Phillip Island
King George Island
Stewart Island
Niue
Waiheke Island
Bali
Andaman Islands
Banda Islands
New Caledonia
Rarotonga
 
Answer Stats
Answer % Correct
Tasmania
82%
Kangaroo Island
77%
Fraser Island
68%
Norfolk Island
59%
Phillip Island
59%
Christmas Island
55%
Lord Howe Island
55%
Macquarie Island
55%
Rottnest Island
55%
Whitsunday Islands
55%
Bruny Island
45%
Cocos (Keeling) Islands
45%
Moreton Island
45%
Magnetic Island
36%
Tiwi Islands
23%
No matching quizzes found
Score Distribution
Percent of People with Each Score
Percentile by Number Answered
Your Score History
You have not taken this quiz